000 00438nam a2200145 a 4500
001 000036382
005 20200930075712.0
008 120116s1970 xxuac 000 0 spa d
040 _aDO-SdBNP
_bspa
_cBNPHU
082 _axxx
_bL672g
100 1 _aLewine, Harris
_962578
245 1 0 _aGood-bye to all that /
_cHarris Lewine ; designed Alan Peckolick.
260 _aNew York :
_bMcGraw-Hill,
_c1970.
300 _a126 p. :
_bil., retrs. ;
_c22 cm.
999 _c35873
_d35873